000 01027nam a2200253 a 4500
001 12986
003 BD-JhCC
005 20230610200829.0
008 230610s2020 bg ||||| |||| 000 0 ben d
035 _a(BD-JhCC)12986
040 _aBD-JhCC
_dBD-JhCC
041 _aben
082 _a297
_bKAR 2020
100 _aকারাসাম, আলী
245 _a৩৬৫ গল্প ও দোয়া /
_cআলী কারাসাম ও হাসিবি সাহিন এবং ড. ইকবাল কবীর মোহন, আলী আহমাদ মাবরুর (অনু.)
260 _aঢাকা :
_bশিশু কানন,
_c২০২০
300 _a২৫৪ পৃ. :
_bচিত্রবলী সংবলীত;
_c২৩ সেমি.
650 _aJuvenile literature
650 _aIslam
700 _aসাহিন,হাসিবি
700 _aমোহন, ড. ইকবাল কবীর
700 _aমাবরুর, আলী আহমাদ
942 _2ddc
_cBK
999 _c12986
_d12986